000
00273nam a22001217a 4500
008
170418b xxu||||| |||| 00| 0 eng d
041
_a
eng
080
_2
4TH
_a
612.39
100
_a
10
101
_a
SHM
245
_a
NUTRITION SUPPORT PROTOCOLS
_c
LEWIS, V
942
_2
udc
_c
BK
999
_c
10886
_d
10886